| 000 | 00778nam a2200193 i 4500 | ||
|---|---|---|---|
| 001 | 180497 | ||
| 003 | ES-MaACL | ||
| 005 | 20230906221119.0 | ||
| 008 | 120608s1973 sp |||| | spa d | ||
| 080 | _a55(46-11)(043.2) | ||
| 100 | 1 |
_aOrtí Cabo, Federico. _9150437 |
|
| 245 | 1 | 3 |
_aEl Keuper del Levante español _b: litostratigrafía, petrología y paleogeografía de la cuenca / _cpor Federico Ortí Cabo. |
| 260 |
_aBarcelona : _bUniversidad de Barcelona, Secretariado de Publicaciones, Intercambio Científico y Extensión Universitaria, _c1973. |
||
| 300 |
_a14 p. : _bgrab. ; _c24 cm. |
||
| 502 | _aResumen de tesis--Universidad Barcelona. | ||
| 650 | 4 |
_aGeología- _zEspaña. _9138819 |
|
| 710 | 2 |
_aUniversidad de Barcelona. _97141 |
|
| 852 |
_aES-MaACL _jE-15362(86) |
||
| 999 |
_c180497 _d180497 |
||